000 00608cam a22002053a 4500
001 40226
003 PGUSA
005 20140828083909.0
008 120714s2012||||xxu|||||s|||||000 | eng d
040 _aPGUSA
_beng
042 _adc
100 1 _aDilke, Charles Wentworth,
_d1843-1911
245 1 4 _aThe Fall of Prince Florestan of Monaco
_h[electronic resource] /
_cCharles Wentworth Dilke
260 _bProject Gutenberg,
_c2012
506 _aPublic domain in the USA.
516 _aElectronic text
830 0 _aProject Gutenberg
_v40226
856 4 0 _uhttp://www.gutenberg.org/ebooks/40226
942 _cEB
999 _c269479
_d269479